000 00557nam a2200181Ia 4500
003 GCL
008 140319s9999 xx 000 0 ara d
040 _aGCL /
_cGCL
082 0 4 _a947.084
_bا ع
100 1 _aالكسندر سولجنتين
245 1 0 _aعلى أى وجه ندبر روسيا? نظرات وسع اجتهادى /
_cالكسندر سولجنتين
260 _a[S.N] :
_bدار الجديد ،
_c1991
300 _a133 ص
490 _a
650 0 4 _aالاتحاد السوفيتى
650 0 4 _aالشيوعية
942 _2ddc
_cBK
999 _c53539
_d53539